Catálogo
 En Linea

Ejecutorias del gobierno del presidente Ing. Hipólito Mejía Domínguez : (Registro nro. 49995)

Detalles MARC
000 -CABECERA
campo de control de longitud fija 01392nam a22002537a 4500
003 - IDENTIFICADOR DEL NÚMERO DE CONTROL
campo de control DO-SdBNP
005 - FECHA Y HORA DE LA ÚLTIMA TRANSACCIÓN
campo de control 20210908093814.0
007 - CAMPO FIJO DE DESCRIPCIÓN FÍSICA--INFORMACIÓN GENERAL
campo de control de longitud fija ta
008 - DATOS DE LONGITUD FIJA--INFORMACIÓN GENERAL
campo de control de longitud fija 210623e2004 dr abd|ert||| 00| 0 spa d
040 ## - FUENTE DE LA CATALOGACIÓN
Centro catalogador/agencia de origen DO-SdBNP
Lengua de catalogación spa
Centro/agencia transcriptor BNPHU
082 #4 - NÚMERO DE LA CLASIFICACIÓN DECIMAL DEWEY
Número de clasificación 320.97293
Número de documento/Ítem R426m
Número de edición 22
110 1# - ENTRADA PRINCIPAL--NOMBRE DE ENTIDAD CORPORATIVA
Nombre de entidad corporativa o nombre de jurisdicción como elemento de entrada República Dominicana.
9 (RLIN) 447
Unidad subordinada Presidente (2000-2004 : Mejía Domínguez)
245 10 - MENCIÓN DE TÍTULO
Título Ejecutorias del gobierno del presidente Ing. Hipólito Mejía Domínguez :
Resto del título agosto 2000 - febrero 2004.
260 ## - PUBLICACIÓN, DISTRIBUCIÓN, ETC.
Lugar de publicación, distribución, etc. Santo Domingo :
Nombre del editor, distribuidor, etc. [s.n.],
Fecha de publicación, distribución, etc. 2004
300 ## - DESCRIPCIÓN FÍSICA
Extensión 313 p. :
Otras características físicas il., cuadros, mapas ;
Dimensiones 27 cm
500 ## - NOTA GENERAL
Nota general Incluye listado de siglas de las instituciones públicas.
505 00 - NOTA DE CONTENIDO CON FORMATO
Título Palabras del Sr. presidente.--
-- Perfil biográfico del presidente.--
-- Resumen ejecutivo de las ejecutorias de gobierno.--
-- Ejecutorias del gobierno por regiones y provincias: Región Central.-- Región del Valle.-- Región del Distrito Nacional.-- Región Enriquillo.-- Región Este.-- Región Norcentral.-- Región Nordeste.-- Región Noroeste.-- Región Valdesia.--
-- Nivel Nacional.--
-- Anexos.
590 ## - NOTA LOCAL (RLIN)
Nota local Inventariado, 2021/MFF
651 #4 - PUNTO DE ACCESO ADICIONAL DE MATERIA--NOMBRE GEOGRÁFICO
Nombre geográfico República Dominicana
Subdivisión general Política y gobierno
Subdivisión cronológica 2000-2004
9 (RLIN) 14609
651 #4 - PUNTO DE ACCESO ADICIONAL DE MATERIA--NOMBRE GEOGRÁFICO
Nombre geográfico República Dominicana
Subdivisión de forma Política económica
Subdivisión cronológica 2000-2004
9 (RLIN) 79290
651 #4 - PUNTO DE ACCESO ADICIONAL DE MATERIA--NOMBRE GEOGRÁFICO
Nombre geográfico República Dominicana
Subdivisión general Obras públicas
Subdivisión cronológica 2000-2004
9 (RLIN) 79425
910 ## - DATOS DE OPCIÓN DEL USUARIO (OCLC)
Datos de opción del usuario Validado. Control de calidad MFF
942 ## - ELEMENTOS DE PUNTO DE ACCESO ADICIONAL (KOHA)
Fuente del sistema de clasificación o colocación Dewey Decimal Classification
Tipo de ítem Koha Libro
Existencias
Estado de retiro Estado de pérdida Fuente del sistema de clasificación o colocación Restricciones de uso No para préstamo Código de colección Localización permanente Ubicación/localización actual Ubicación en estantería Fecha de adquisición Total de préstamos Signatura topográfica completa Código de barras Fecha visto por última vez Número de copia Precio válido a partir de Tipo de ítem Koha
    Dewey Decimal Classification Excluido de préstamo Excluido de préstamo Patrimonio Dominicano Folletos Biblioteca Nacional Pedro Henríquez Ureña Patrimonio Dominicano Depósito 23.07.2018   BNPHU PD 320.97293 R426m 2021-2234 23.06.2021 2020-2004 23.06.2021 Libro
    Dewey Decimal Classification Excluido de préstamo Préstamo restrigido Patrimonio Dominicano Biblioteca Nacional Pedro Henríquez Ureña Patrimonio Dominicano Depósito 20.08.2021   BNPHU PD 320.97293 R426m 2021-25555 20.08.2021 e.2 20.08.2021 Libro y Folleto Colección Patrimonio Dominicano

Con tecnología Koha